000 00697nam a2200253Ia 4500
003 GCL
005 20240530101158.0
008 140319s9999 xx 000 0 eng d
040 _aGCL /
_cGCL
082 0 4 _a194
_bD P
100 1 _aVERMEREN, PATRICE
245 1 0 _aPHILOSOPHIE, FRANCE, XIX SIECLE : ECRITS ET OPUSCULES /
_cVERMEREN, PATRICE
260 _a[S.N] :
_bLE LIVRE DE POCHE ،
_c1994
300 _a1016
650 0 4 _aFREE TRADE
650 0 4 _aPHILOSOPHY - HISTORY
650 0 4 _aPHILOSOPHY
650 0 4 _aFRENCH PHILOSOPHY
650 0 4 _aMODERN - PHILOSOPHY
650 0 4 _aFRANCE - PHILOSOPHY
700 1 _aDROIT, ROGER-POL
700 1 _aDOUAILLER, STEPHANE
942 _2ddc
_cBK
999 _c25460
_d25460